000 01265nam a2200265 a 4500
003 EG-GiCUC
008 210725s2003 su g 000 0 ara d
017 _a1424/3667
_bالسعوية . مكتبة الملك فهد الوطنية
020 _a9960197921
040 _aEG-GiCUC
_bara
_cEG-GiCUC
092 0 4 _aتصنيف ديوى
_b
_221
099 _a04
_aتصنيف ديوى
245 1 0 _aصورةالعرب والمسلمين في المناهج الدراسية حول العالم:
_b في امريكيا وبريطانيا وفرنسا وايطاليا والمانيا واسبانيا ... /
_cمجموعة من الباحثين
246 0 0 _aشكل مختلف للعنوان
_bبيانات اخرى للعنوان
260 _a:
_b:
_c
_e( مكان الطبع :
_fاسم الطابع)
300 _a:
_b؛
_c سم +
_eالمادة المصاحبة
650 7 _2qrmak
651 7 _2qrmak
700 1 _bالترقيم ؛
_cالمناصب :
_q(شكل الاسم كامل) :
_dتاريخ الميلاد
710 1 _aالهيئة .
_bالهيئة الفرعية
902 _aعدد النسخ
905 _eمدخل
905 _eمراجع 2004346244
942 _2ddc
_cBK
999 _c159824
_d159824